000 00624nab a2200181 4500
999 _c372353
_d372353
001 90031
003 OSt
005 20230411125225.0
007 tu
008 110905s2000|||||||
040 _aDE-2950
_cDE-2950
245 0 0 _aTalente der Zukunft gesucht.
_bFachkräftemangel. Die Deutsche Rentenversicherung ist einer der größten Arbeitgeber in Frankfurt. Wie man dort mit Bewerberschwund umgeht /
_cPhilipp Stepputtis
264 _c2023
653 _aFrankfurt (Oder)
653 _aDeutsche Rentenversicherung
773 0 _g34. Jahrgang (2023) Nr. 81, 05.04.2023, S. 15: mit Foto
_tMärkische Oderzeitung
942 _2z
_cA